Statistics for この「の」何のアニメ?

Click here to take the quiz!

General Stats

  • This quiz has been taken 107 times
  • The average score is 7 of 16

Answer Stats

Answer% Correct
進撃の巨人
93%
推しの子
89%
ジョジョの奇妙な冒険
64%
炎炎ノ消防隊
59%
のんのんびより
56%
けものフレンズ
56%
ノーゲームノーライフ
54%
ひぐらしのなく頃に
54%
涼宮ハルヒの憂鬱
46%
葬送のフリーレン
43%
鬼滅の刃
35%
とある魔術の禁書目録
33%
魔法科高校の劣等生
22%
僕のヒーローアカデミア
16%
テニスの王子様
15%
約束のネバーランド
2%

Score Distribution

Percentile by Number Answered

Percent of People with Each Score

Your Score History

You have not taken this quiz